Aktivita knižnice

Bibliographic Details
Format: Article
Language:Slovak
Subjects:

MARC

LEADER 00000nab a2200000 a 4500
001 vtls001022799
003 SK-MaSNL
005 20260303042543.0
008 040720e19951214xo 0 slo
035 |a SL1386 
040 |a SLLK  |b slo  |c SLLK  |e AACR2 
041 0 |a slo 
044 |a xo  |c SK 
080 |a 027.53  |2 1981 
245 0 0 |a Aktivita knižnice  |c [autor] /Ká/ 
610 2 7 |a Okresná knižnica (Stará Ľubovňa, Slovensko)  |2 SLLK  |9 59183 
650 0 7 |a základné školy  |2 SLLK  |9 1280 
650 0 7 |a informatická výchova  |2 snkbucl  |9 378860 
651 7 |a Stará Ľubovňa (Slovensko)  |2 snkbucl  |9 19193 
773 0 8 |t Ľubovnianske noviny  |g Roč. 21, č.50, 14.12.1995, s. 2 
852 |a ZVYKNI  |b KIS3GCP 
999 |c 1692607  |d 1694537